000 00880nabaa22002177a 4500
999 _c6208
_d6208
003 OSt
005 20260125212840.0
008 190701b xxu||||| |||| 00| 0 spa d
040 _cPJ
100 _93690
_aButeler, Alfonso
245 1 3 _aLas vías de hecho administrativas :
_ba propósito de la ley 27.742 /
_cAlfonso Buteler.
300 _ap. 29
500 _aCita: TR LALEY AR/DOC/3273/2024
505 _aSumario: I. Introducción.— II. Las vías de hecho.— III. Cuestionamiento.
505 _t¿Te interesa el texto completo? Comunicate al correo: koha@justierradelfuego.gov.ar
650 0 _9211
_aDERECHO ADMINISTRATIVO
650 0 _91135
_aPROCEDIMIENTO ADMINISTRATIVO
650 0 _9178
_aDERECHO CONSTITUCIONAL
773 0 _02842
_93251
_dBuenos Aires : AbeledoPerrot, 2012-
_oDA121
_tDerecho administrativo. Nº 157 enero/febrero 2025
_z18510590
942 _2udc
_cANA